Premier League 100 Biggest Transfers - Statistics

General Stats
  • This quiz has been taken 1,071 times
  • The average score is 88 of 100
Answer Stats
Nation Player From Joining % Correct
Portugal AM Bruno Fernandes 19/20 Sporting CP Manchester United
98%
England DM Declan Rice 23/24 West Ham United Arsenal
98%
England LW Jack Grealish 21/22 Aston Villa Manchester City
98%
Belgium ST Romelu Lukaku 21/22 Inter Milan Chelsea
98%
Belgium ST Romelu Lukaku 17/18 Everton Manchester United
98%
Argentina DM Enzo Fernandez 22/23 Benfica Chelsea
97%
England CB Harry Maguire 19/20 Leicester City Manchester United
97%
France CM Paul Pogba 16/17 Juventus Manchester United
97%
Netherlands CB Virgil van Dijk 17/18 Southampton Liverpool
97%
Brazil RW Antony 22/23 Ajax Manchester United
96%
England LW Jadon Sancho 21/22 Borussia Dortmund Manchester United
96%
Germany AM Kai Havertz 20/21 Bayer Leverkusen Chelsea
96%
Germany AM Kai Havertz 23/24 Chelsea Arsenal
96%
Belgium AM Kevin De Bruyne 15/16 Wolfsburg Manchester City
96%
Sweden ST Alexander Isak 22/23 Real Sociedad Newcastle United
95%
Brazil GK Alisson Becker 18/19 Roma Liverpool
95%
Argentina RW Angel Di Maria 14/15 Real Madrid Manchester United
95%
Brazil DM Casemiro 22/23 Real Madrid Manchester United
95%
Uruguay ST Darwin Nunez 22/23 Benfica Liverpool
95%
Norway ST Erling Haaland 22/23 Borussia Dortmund Manchester City
95%
Croatia CB Josko Gvardiol 23/24 RB Leipzig Manchester City
95%
Ecuador DM Moises Caicedo 23/23 Brighton & Hove Albion Chelsea
95%
England LW Raheem Sterling 15/16 Liverpool Manchester City
95%
England LW Raheem Sterling 22/23 Manchester City Chelsea
95%
Algeria RW Riyad Mahrez 18/19 Leicester City Manchester City
95%
Portugal CB Ruben Dias 20/21 Benfica Manchester City
95%
United States RW Christian Pulisic 18/19 Borussia Dortmund Chelsea
94%
Colombia LW Luis Diaz 21/22 Porto Liverpool
94%
Gabon ST Pierre-Emerick Aubameyang 17/18 Borussia Dortmund Arsenal
94%
Spain DM Rodri 19/20 Atletico Madrid Manchester City
94%
Spain GK Kepa Arrizabalaga 18/19 Athletic Bilbao Chelsea
93%
England AM Mason Mount 23/24 Chelsea Manchester United
93%
Ukraine LW Mykhaylo Mudryk 22/23 Shakhtar Donetsk Chelsea
93%
Denmark ST Rasmus Hojlund 23/24 Atalanta Manchester United
93%
Chile ST Alexis Sanchez 14/15 Barcelona Arsenal
92%
Cameroon GK Andre Onana 23/24 Inter Milan Manchester United
92%
Portugal AM Bernardo Silva 17/18 Monaco Manchester City
92%
Hungary AM Dominik Szoboszlai 23/24 RB Leipzig Liverpool
91%
Spain ST Fernando Torres 10/11 Liverpool Chelsea
91%
Brazil ST Gabriel Jesus 22/23 Manchester City Arsenal
91%
England RB Kyle Walker 17/18 Tottenham Hotspur Manchester City
91%
Argentina CB Lisandro Martinez 22/23 Ajax Manchester United
91%
Brazil ST Richarlison 22/23 Everton Tottenham Hotspur
91%
Portugal RB Joao Cancelo 19/20 Juventus Manchester City
90%
England CB John Stones 16/17 Everton Manchester City
90%
Spain LB Marc Cucurella 22/23 Brighton & Hove Albion Chelsea
90%
Germany AM Mesut Ozil 13/14 Real Madrid Arsenal
90%
Netherlands CB Nathan Ake 20/21 Bournemouth Manchester City
90%
Ivory Coast RW Nicolas Pepe 19/20 Lille Arsenal
90%
Italy DM Sandro Tonali 23/24 Milan Newcastle United
90%
Spain CB Aymeric Laporte 17/18 Athletic Bilbao Manchester City
89%
Portugal LW Diogo Jota 20/21 Wolverhampton Wanderers Liverpool
89%
Switzerland DM Granit Xhaka 16/17 Borussia Monchengladbach Arsenal
89%
Ghana DM Thomas Partey 20/21 Atletico Madrid Arsenal
89%
Germany ST Timo Werner 20/21 RB Leipzig Chelsea
89%
France ST Alexandre Lacazette 17/18 Lyon Arsenal
88%
Spain ST Alvaro Morata 17/18 Real Madrid Chelsea
88%
France ST Anthony Martial 15/16 Monaco Manchester United
88%
Belgium RW Jeremy Doku 23/24 Rennes Manchester City
88%
Germany RW Leroy Sane 16/17 Schalke Manchester City
88%
Croatia CM Mateo Kovacic 19/20 Real Madrid Chelsea
88%
France LB Benjamin Mendy 17/18 Monaco Manchester City
87%
Brazil DM Fabinho 18/19 Monaco Liverpool
87%
Brazil CM Fred 18/19 Shakhtar Donetsk Manchester United
87%
Italy DM Jorginho 18/19 Napoli Chelsea
87%
England RB Aaron Wan-Bissaka 19/20 Crystal Palace Manchester United
86%
Ukraine ST Andriy Shevchenko 06/07 Milan Chelsea
86%
England RB Ben White 21/22 Brighton & Hove Albion Arsenal
86%
England AM James Maddison 23/24 Leicester City Tottenham Hotspur
86%
Guinea CM Naby Keita 18/19 RB Leipzig Liverpool
86%
Serbia DM Nemanja Matic 17/18 Chelsea Manchester United
86%
France CB Wesley Fofana 22/23 Leicester City Chelsea
86%
Argentina CB Cristian Romero 22/23 Atalanta Tottenham Hotspur
85%
Spain AM Juan Mata 13/14 Chelsea Manchester United
85%
England DM Kalvin Phillips 22/23 Leeds United Manchester City
85%
England CB Rio Ferdinand 02/03 Leeds United Manchester United
85%
England LB Ben Chilwell 20/21 Leicester City Chelsea
84%
France SS Christopher Nkunku 23/24 RB Leipzig Chelsea
84%
England RW Cole Palmer 23/24 Manchester City Chelsea
84%
Iceland AM Gylfi Sigurdsson 17/18 Swansea City Everton
82%
Portugal CM Matheus Nunes 23/24 Wolverhampton Wanderers Manchester City
82%
Portugal CM Matheus Nunes 22/23 Sporting CP Wolverhampton Wanderers
82%
England LW Anthony Gordon 22/23 Everton Newcastle United
81%
Brazil AM Lucas Paqueta 22/23 Lyon West Ham United
81%
Ghana AM Mohammed Kudus 23/24 Ajax West Ham United
80%
Belgium DM Romeo Lavia 23/24 Southampton Chelsea
80%
Belgium CM Youri Tielemans 19/20 Monaco Leicester City
80%
Argentina CB Nicolas Otamendi 15/16 Valencia Manchester City
79%
Belgium ST Christian Benteke 15/16 Aston Villa Liverpool
78%
France RW Moussa Diaby 23/24 Bayer Leverkusen Aston Villa
78%
France CM Tanguy Ndombele 19/20 Lyon Tottenham Hotspur
77%
Brazil CM Joelinton 19/20 Hoffenheim Newcastle United
76%
Brazil LW Robinho 08/09 Real Madrid Manchester City
76%
Wales AM Brennan Johnson 23/24 Nottingham Forest Tottenham Hotspur
75%
England LW Harvey Barnes 23/24 Leicester City Newcastle United
75%
Brazil ST Matheus Cunha 23/24 Atletico Madrid Wolverhampton Wanderers
75%
Argentina CM Juan Sebastian Veron 01/02 Lazio Manchester United
74%
Ivory Coast ST Sebastien Haller 19/20 Eintracht Frankfurt West Ham United
72%
France CB Axel Disasi 23/24 Monaco Chelsea
68%
France CB Eliaquim Mangala 14/15 Porto Manchester City
64%
No matching quizzes found
Score Distribution
Percent of People with Each Score
Percentile by Number Answered
Your Score History
You have not taken this quiz